000 00514nam a2200193Ia 4500
005 20250326141119.0
008 250326s9999 xx 000 0 und d
037 _aTextbook
040 _aFMSL
_beng
_cFMSL
041 _aeng
_2eng
084 _aX:513 N6
_qFMSL
100 _aBogart Leo
_9117656
245 0 _aStrategy in advertising
_cBogart Leo
250 _aEd 3rd
260 _aU.S.A
_bU.S.A, NTC Business Books
_c1996
300 _a395p
942 _cTB
_hX:513 N6
999 _c1288759
_d1288759